| 000 | 00802cam a2200241 a 4500 | ||
|---|---|---|---|
| 999 |
_c418 _d418 |
||
| 001 | 10331 | ||
| 003 | BD-DhUAP | ||
| 005 | 20210117092457.0 | ||
| 008 | 200122s2005 bg ab bs 001 0 eng | ||
| 020 | _a9840517074 | ||
| 040 |
_aDLC _cBD-DhUAP _dBD-DhUAP _bEng |
||
| 082 |
_223 _a338.1095492 AHM |
||
| 100 | 1 | _aAhmad, Nasreen. | |
| 245 | 1 | 0 |
_aSlip trip tumble : _bdetermining landlessness in rural Bangladesh / _cNasreen Ahmad. |
| 260 |
_aDhaka : _bUniversity Press, _cc2005. |
||
| 300 |
_axix, 223 pages : _billustrations ; _c22 cm. |
||
| 504 | _aIncludes bibliographical references and index. | ||
| 650 | 0 |
_aRural conditions _zBangladesh. |
|
| 650 | 0 |
_aRural poor _zBangladesh _vStatistics. |
|
| 906 |
_a7 _bcbc _corigode _d3 _encip _f20 _gy-gencatlg |
||
| 942 |
_2ddc _cBK |
||